JJT Difficulties In All Chains - Statistics

General Stats
  • This quiz has been taken 37 times
  • The average score is 25 of 54
Answer Stats
Chain Answer % Correct
Gar Easy
76%
Gar Effortless
76%
Gar Chain Gar Effortlessless
68%
Gar Hard
68%
Gar Medium
68%
Gar Difficult
64%
Gar HELL
64%
Gar Insane
64%
Gar Intense
64%
Gar No
64%
Gar Challenging
60%
Gar DEATH
60%
Gar ERROR
60%
Gar Extreme
60%
Gar Nullifying
60%
Gar Remorseless
60%
Gar Terrifying
60%
Gar Why
60%
Gar Catastrophic
56%
Gar Unreal
56%
HELL
56%
Gar Horrific
52%
Aleph
48%
Aleph-Aleph-Null
48%
Hypreme
48%
XD Chain Nullifying
48%
Annoying
44%
CALAMITY
44%
Supreme Chain Dupreme
44%
TARTARUS
44%
ÿ
44%
Aleph-Virus
40%
Aleph-Void
40%
Error Chain Atom Error
40%
Killjoying
40%
Ultimaniac
40%
D-E-L-T-A
36%
Neutralize
36%
Aleph Sequence Supreme-Null
36%
Theta-Void
36%
Niflheim
32%
Mike's DC Xi-Alpha
32%
Contradiction
28%
Country Error
28%
Death Chain GigaDeath
28%
Multiverse Error
24%
OMEGADEATH
24%
omnideath
24%
Planet Error
24%
Universe Error
24%
YottaDeath
24%
ExaDeath
20%
Hyperversal Error
20%
Metaversal Error
20%
No matching quizzes found
Score Distribution
Percent of People with Each Score
Percentile by Number Answered
Your Score History
You have not taken this quiz